[Event "Teusaquillo Rapid op"]
[Site "Teusaquillo"]
[Date "2023.03.05"]
[Round "9"]
[White "Garcia Alarcon, Alvaro"]
[Black "Estrella Becerra, Fernando"]
[Result "0-1"]
[WhiteElo "2142"]
[BlackElo "1890"]
[PlyCount "96"]
[EventDate "2023.03.04"]
[EventType "swiss (rapid)"]
[EventRounds "9"]
[EventCountry "COL"]
[SourceTitle "CBM 213 Extra"]
[Source "ChessBase"]
[SourceDate "2023.05.31"]
[SourceVersion "1"]
[SourceVersionDate "2023.05.31"]
[SourceQuality "1"]

1. d4 d5 2. c4 c6 3. Nc3 Nf6 4. e3 g6 5. Nf3 Bg7 6. Be2 0-0 7. 0-0 Bg4 8. Ne5 Bxe2 9. Qxe2 e6 10. b3 Nfd7 11. f4 f6 12. Nxd7 Nxd7 13. Ba3 Re8 14. e4 Nb6 15. c5 Nd7 16. e5 fxe5 17. fxe5 Rf8 18. Rxf8+ Qxf8 19. Qg4 Qf5 20. Qxf5 exf5 21. b4 a6 22. Bc1 Nf8 23. Be3 Ne6 24. Ne2 Kf7 25. a4 g5 26. g3 Kg6 27. Rb1 Bh6 28. b5 axb5 29. axb5 Ra3 30. bxc6 bxc6 31. Bf2 f4 32. g4 f3 33. Ng3 Nf4 34. Re1 Ra2 35. Rf1 Nh3+ 36. Kh1 Nxf2+ 37. Kg1 Nh3+ 38. Kh1 f2 39. Nf5 Bf8 40. Kg2 Nf4+ 41. Kf3 h5 42. h4 Ra3+ 43. Kxf2 hxg4 44. Ne3 g3+ 45. Kf3 g2 46. Rg1 Be7 47. e6 Ra2 48. hxg5 Bxg5 0-1

[Event "Teusaquillo Rapid op"]
[Site "Teusaquillo"]
[Date "2023.03.05"]
[Round "6"]
[White "Garcia Alarcon, Alvaro"]
[Black "Gonzalez Lopez, Nicolas Mateo"]
[Result "1/2-1/2"]
[WhiteElo "2142"]
[BlackElo "2086"]
[PlyCount "63"]
[EventDate "2023.03.04"]
[EventType "swiss (rapid)"]
[EventRounds "9"]
[EventCountry "COL"]
[SourceTitle "CBM 213 Extra"]
[Source "ChessBase"]
[SourceDate "2023.05.31"]
[SourceVersion "1"]
[SourceVersionDate "2023.05.31"]
[SourceQuality "1"]

1. d4 Nf6 2. c4 d6 3. Nc3 e5 4. d5 Bf5 5. g3 Nbd7 6. Bg2 Nc5 7. b4 Nce4 8. Nxe4 Bxe4 9. Qa4+ Qd7 10. Qxd7+ Kxd7 11. Bxe4 Nxe4 12. f3 Nf6 13. e4 a5 14. b5 Ke8 15. Ne2 Nd7 16. Be3 g6 17. Nc3 h5 18. Ke2 f5 19. b6 cxb6 20. Rab1 Rc8 21. Kd3 Rh7 22. Bxb6 Nxb6 23. Rxb6 Rhc7 24. Rc1 Rxc4 25. Rxb7 fxe4+ 26. fxe4 Bh6 27. Rc2 Be3 28. Nb5 Rxc2 29. Nxd6+ Kd8 30. Nf7+ Ke8 31. Nd6+ Kd8 32. Kxe3 1/2-1/2

[Event "Teusaquillo Rapid op"]
[Site "Teusaquillo"]
[Date "2023.03.04"]
[Round "2"]
[White "Garcia Alarcon, Alvaro"]
[Black "Gonzalez Mojica, Renan Arturo"]
[Result "1-0"]
[WhiteElo "2142"]
[BlackElo "1859"]
[PlyCount "119"]
[EventDate "2023.03.04"]
[EventType "swiss (rapid)"]
[EventRounds "9"]
[EventCountry "COL"]
[SourceTitle "CBM 213 Extra"]
[Source "ChessBase"]
[SourceDate "2023.05.31"]
[SourceVersion "1"]
[SourceVersionDate "2023.05.31"]
[SourceQuality "1"]

1. d4 Nf6 2. c4 e5 3. dxe5 Ng4 4. Bf4 Nc6 5. Nf3 Bb4+ 6. Nc3 Qe7 7. Qd5 Bxc3+ 8. bxc3 Qa3 9. Rc1 f6 10. exf6 Nxf6 11. Qd2 0-0 12. e3 d6 13. Bd3 Bg4 14. Nd4 Ne5 15. 0-0 Rad8 16. f3 Bc8 17. Bg3 Qa4 18. Qe2 c5 19. Nf5 Be6 20. Ne7+ Kh8 21. Rfd1 Nxd3 22. Qxd3 Bxc4 23. Qd2 Qd7 24. Qxd6 Qxd6 25. Bxd6 Bxa2 26. Bxc5 Bb3 27. Rxd8 Rxd8 28. Bxa7 Nd5 29. Nxd5 Rxd5 30. Rb1 Rd1+ 31. Rxd1 Bxd1 32. Kf2 g6 33. e4 Kg7 34. Ke3 Kf6 35. Bb6 Ke6 36. f4 Bc2 37. g4 Bd1 38. f5+ Kf7 39. Kf4 h5 40. g5 Bc2 41. h4 Bb1 42. Ke5 Bc2 43. c4 Bd3 44. c5 Bc2 45. Bd8 Bb1 46. Bf6 Bc2 47. Kd5 Bb1 48. fxg6+ Kxg6 49. e5 Ba2+ 50. Kd6 Kf7 51. Bd8 Ke8 52. Ba5 Kf7 53. Bc3 Kg6 54. e6 Bc4 55. Kd7 Bb5+ 56. Kd8 Bc6 57. e7 Kf7 58. g6+ Kxg6 59. e8Q+ Bxe8 60. Kxe8 1-0

[Event "Cali Valle Colombia op-B"]
[Site "Cali Valle Colombia"]
[Date "2022.12.29"]
[Round "6"]
[White "Franco, Jhonier"]
[Black "Garcia Alarcon, Alvaro"]
[Result "0-1"]
[WhiteElo "1900"]
[BlackElo "2026"]
[PlyCount "82"]
[EventDate "2022.12.26"]
[EventType "swiss"]
[EventRounds "8"]
[EventCountry "COL"]
[SourceTitle "CBM 211 Extra"]
[Source "ChessBase"]
[SourceDate "2023.01.31"]
[SourceVersion "1"]
[SourceVersionDate "2023.01.31"]
[SourceQuality "1"]

1. d4 Nf6 2. b3 d5 3. Bb2 Bf5 4. e3 e6 5. Bd3 Bg6 6. h4 Bb4+ 7. c3 Bd6 8. h5 Be4 9. Bxe4 Nxe4 10. Nd2 f5 11. Nxe4 fxe4 12. Qg4 Qf6 13. 0-0-0 0-0 14. f3 Qf5 15. Qh4 exf3 16. gxf3 Nc6 17. f4 Qe4 18. Nh3 Qxe3+ 19. Kb1 Be7 20. Qg4 Qe4+ 21. Ka1 Qf5 22. Qg3 a5 23. Rhg1 Bf6 24. Ba3 Rfe8 25. Rg2 a4 26. b4 b5 27. Ng5 Re7 28. Nf3 Rf8 29. Bc1 Nd8 30. Ne5 Bxe5 31. dxe5 Qxh5 32. Rdg1 g6 33. Be3 Nb7 34. Rh2 Qf5 35. Rgh1 Qd3 36. Qe1 Rg7 37. Kb2 Qc4 38. Rc2 c5 39. Qh4 cxb4 40. cxb4 Qxb4+ 41. Ka1 Qe4 0-1

[Event "Cali Valle Colombia op-B"]
[Site "Cali Valle Colombia"]
[Date "2022.12.26"]
[Round "1"]
[White "Garcia Alarcon, Alvaro"]
[Black "Luque, Manuel Antonio"]
[Result "1-0"]
[WhiteElo "2026"]
[BlackElo "1519"]
[PlyCount "48"]
[EventDate "2022.12.26"]
[EventType "swiss"]
[EventRounds "8"]
[EventCountry "COL"]
[SourceTitle "CBM 211 Extra"]
[Source "ChessBase"]
[SourceDate "2023.01.31"]
[SourceVersion "1"]
[SourceVersionDate "2023.01.31"]
[SourceQuality "1"]

1. d4 d5 2. c4 c6 3. Nc3 Nf6 4. Nf3 e6 5. Bg5 Be7 6. e3 Nbd7 7. Rc1 0-0 8. a3 h6 9. Bh4 dxc4 10. Bxc4 Nd5 11. Bg3 N7f6 12. Qd3 a5 13. 0-0 Re8 14. Ba2 Bd6 15. Bb1 Bxg3 16. fxg3 c5 17. dxc5 Nxc3 18. Qxc3 Qe7 19. Ne5 Bd7 20. Rxf6 gxf6 21. Qd3 f5 22. Qxd7 Qxd7 23. Nxd7 Red8 24. Nb6 Rab8 1-0

[Event "Bogota El Tablazo op-A"]
[Site "Bogota"]
[Date "2022.06.27"]
[Round "10"]
[White "Garcia Alarcon, Alvaro"]
[Black "Ordonez Gonzalez, Gabriel"]
[Result "1/2-1/2"]
[WhiteElo "1984"]
[BlackElo "1956"]
[PlyCount "118"]
[EventDate "2022.06.23"]
[EventType "swiss"]
[EventRounds "10"]
[EventCountry "COL"]
[SourceTitle "EXT 2023"]
[Source "ChessBase"]
[SourceDate "2022.10.05"]
[SourceVersion "1"]
[SourceVersionDate "2022.10.05"]
[SourceQuality "1"]

1. d4 Nf6 2. c4 g6 3. Nc3 Bg7 4. e4 d6 5. Nge2 Nc6 6. d5 Nb8 7. Ng3 e5 8. Be2 a5 9. h4 h6 10. Be3 b6 11. a3 Qe7 12. f3 Bd7 13. b3 Ng8 14. Qc2 h5 15. Nf1 f5 16. Nd2 Bh6 17. Bxh6 Nxh6 18. 0-0-0 Na6 19. Rdg1 0-0-0 20. Kb2 Kb7 21. Ra1 Ra8 22. Qd1 fxe4 23. Ndxe4 Nf5 24. Qd2 Nd4 25. Ng5 Nc5 26. Bd1 Rhf8 27. Ne2 Nxe2 28. Qxe2 e4 29. Nxe4 Nxe4 30. Qxe4 Qxe4 31. fxe4 Rf2+ 32. Bc2 Raf8 33. Rhg1 R8f4 34. Kc3 Rxh4 35. Raf1 Rhf4 36. Rxf2 Rxf2 37. e5 dxe5 38. Bxg6 h4 39. Be4 Bf5 40. Bxf5 Rxf5 41. Rh1 Rf4 42. Re1 Rg4 43. Rxe5 Rxg2 44. Rh5 Rg3+ 45. Kb2 h3 46. Rh7 Kc8 47. b4 a4 48. c5 bxc5 49. bxc5 Rd3 50. Rh4 Rxd5 51. Rxh3 Rd4 52. Kc3 Rg4 53. Rd3 Kb7 54. Rd4 Rg3+ 55. Kb4 Kc6 56. Rh4 Rg6 57. Rf4 Re6 58. Rg4 Rf6 59. Rh4 Re6 1/2-1/2

[Event "COL-ch U2300"]
[Site "Pereira"]
[Date "2022.02.17"]
[Round "2"]
[White "Saladen Dulce, Rafael"]
[Black "Garcia Alarcon, Alvaro"]
[Result "1/2-1/2"]
[WhiteElo "2147"]
[BlackElo "1989"]
[PlyCount "25"]
[EventDate "2022.02.16"]
[EventType "swiss"]
[EventRounds "9"]
[EventCountry "COL"]
[SourceTitle "CBM 207 Extra"]
[Source "ChessBase"]
[SourceDate "2022.05.31"]
[SourceVersion "1"]
[SourceVersionDate "2022.05.31"]
[SourceQuality "1"]

1. e4 d6 2. d4 g6 3. Nc3 Bg7 4. f4 Nf6 5. Nf3 c5 6. e5 Ng4 7. Bb5+ Bd7 8. e6 fxe6 9. Ng5 Bxb5 10. Nxe6 Bxd4 11. Nxd8 Bf2+ 12. Kd2 Be3+ 13. Ke1 1/2-1/2

[Event "Bogota El Tablazo op"]
[Site "Bogota"]
[Date "2021.11.07"]
[Round "7"]
[White "Bejarano, Danny Andres"]
[Black "Garcia Alarcon, Alvaro"]
[Result "1/2-1/2"]
[WhiteElo "1934"]
[BlackElo "2014"]
[PlyCount "49"]
[EventDate "2021.11.04"]
[EventType "swiss"]
[EventRounds "7"]
[EventCountry "COL"]
[SourceTitle "CBM 205 Extra"]
[Source "ChessBase"]
[SourceDate "2022.01.31"]
[SourceVersion "1"]
[SourceVersionDate "2022.01.31"]
[SourceQuality "1"]

1. e4 e6 2. d4 d5 3. Nd2 Nf6 4. e5 Nfd7 5. f4 c5 6. c3 b6 7. Ndf3 Ba6 8. Bxa6 Nxa6 9. Ne2 Be7 10. f5 Nc7 11. fxe6 Nxe6 12. 0-0 0-0 13. Be3 c4 14. Ng3 f5 15. exf6 Rxf6 16. Qc2 g6 17. Rae1 Bd6 18. Nh1 Qc7 19. Nf2 Nf4 20. Ng4 Rff8 21. Ng5 Nd3 22. Nh6+ Kh8 23. Nhf7+ Kg8 24. Nh6+ Kh8 25. Nhf7+ 1/2-1/2

[Event "Bogota El Tablazo op"]
[Site "Bogota"]
[Date "2021.11.07"]
[Round "6"]
[White "Garcia Alarcon, Alvaro"]
[Black "Ruiz Aguilar, Pablo Alexander"]
[Result "0-1"]
[WhiteElo "2014"]
[BlackElo "2144"]
[PlyCount "81"]
[EventDate "2021.11.04"]
[EventType "swiss"]
[EventRounds "7"]
[EventCountry "COL"]
[SourceTitle "CBM 205 Extra"]
[Source "ChessBase"]
[SourceDate "2022.01.31"]
[SourceVersion "1"]
[SourceVersionDate "2022.01.31"]
[SourceQuality "1"]

1. d4 d5 2. c4 c6 3. Nf3 Nf6 4. Nc3 e6 5. Bg5 Be7 6. e3 Nbd7 7. Rc1 0-0 8. h3 Re8 9. Bf4 Ne4 10. Bd3 Nxc3 11. bxc3 dxc4 12. Bxc4 Nb6 13. Bb3 Nd5 14. Bh2 Ba3 15. Rc2 a5 16. 0-0 b5 17. Ne5 a4 18. Bxd5 cxd5 19. f4 f6 20. Nd3 Bd7 21. g4 Rc8 22. Bg3 Qe7 23. Be1 Rc7 24. Rg2 Rec8 25. Qf3 b4 26. f5 bxc3 27. fxe6 Bb5 28. Bg3 Bxd3 29. Bxc7 Bxf1 30. Rc2 Rxc7 31. Qxd5 Ba6 32. Qa8+ Bc8 33. Qxa4 Bxe6 34. e4 h5 35. gxh5 Bf7 36. Qa8+ Kh7 37. h6 gxh6 38. Qa5 Bb4 39. Qb6 Bd6 40. e5 fxe5 41. d5 0-1

[Event "Bogota El Tablazo op"]
[Site "Bogota"]
[Date "2021.11.05"]
[Round "3"]
[White "Marquez, Villamil Lukas"]
[Black "Garcia Alarcon, Alvaro"]
[Result "0-1"]
[WhiteElo "1487"]
[BlackElo "2014"]
[PlyCount "56"]
[EventDate "2021.11.04"]
[EventType "swiss"]
[EventRounds "7"]
[EventCountry "COL"]
[SourceTitle "CBM 205 Extra"]
[Source "ChessBase"]
[SourceDate "2022.01.31"]
[SourceVersion "1"]
[SourceVersionDate "2022.01.31"]
[SourceQuality "1"]

1. e4 a6 2. d4 b5 3. c4 Bb7 4. f3 b4 5. d5 e6 6. dxe6 dxe6 7. Qxd8+ Kxd8 8. Bg5+ Kc8 9. Nd2 Nc6 10. Nb3 a5 11. 0-0-0 a4 12. Nd4 Nxd4 13. Rxd4 f6 14. Bh4 Bc5 15. Rd3 Ne7 16. Ne2 Nc6 17. Bg3 Ba6 18. b3 Bb7 19. Kb2 Rd8 20. Rxd8+ Kxd8 21. bxa4 Rxa4 22. f4 Na5 23. Nc1 Bxe4 24. Nb3 Nxb3 25. Kxb3 Ra3+ 26. Kb2 Bd4+ 27. Kc1 Rxa2 28. Bd3 Bxd3 0-1

[Event "Soacha op-A"]
[Site "Soacha"]
[Date "2021.09.11"]
[Round "7"]
[White "Garcia Alarcon, Alvaro"]
[Black "Ballesteros Diaz, Jefree Daniel"]
[Result "1-0"]
[WhiteElo "2021"]
[BlackElo "1615"]
[PlyCount "63"]
[EventDate "2021.09.08"]
[EventType "swiss"]
[EventRounds "10"]
[EventCountry "COL"]
[SourceTitle "CBM 204 Extra"]
[Source "ChessBase"]
[SourceDate "2021.11.30"]
[SourceVersion "1"]
[SourceVersionDate "2021.11.30"]
[SourceQuality "1"]

1. d4 d5 2. Nf3 Nf6 3. c4 c6 4. Nc3 Bf5 5. cxd5 cxd5 6. Qb3 e6 7. Qxb7 Nbd7 8. Bf4 Be7 9. e3 0-0 10. Bc7 Qc8 11. Ba6 Bb4 12. 0-0 Bxc3 13. bxc3 Nb6 14. Qxc8 Rfxc8 15. Bxc8 Rxc8 16. Bxb6 axb6 17. Ne5 Ne4 18. Rfb1 f6 19. Nd7 Nxc3 20. Rxb6 Nxa2 21. g4 Be4 22. f3 Bxf3 23. Rxa2 Bxg4 24. Rb8 Rxb8 25. Nxb8 Kf7 26. Ra7+ Kg6 27. Nd7 Kf5 28. Kf2 g5 29. Nc5 h5 30. Re7 e5 31. Rd7 exd4 32. exd4 1-0

[Event "Soacha op-A"]
[Site "Soacha"]
[Date "2021.09.08"]
[Round "1"]
[White "Garcia Alarcon, Alvaro"]
[Black "Baules Rodriguez, Jorge Luis"]
[Result "0-1"]
[WhiteElo "2021"]
[BlackElo "2355"]
[PlyCount "125"]
[EventDate "2021.09.08"]
[EventType "swiss"]
[EventRounds "10"]
[EventCountry "COL"]
[SourceTitle "CBM 204 Extra"]
[Source "ChessBase"]
[SourceDate "2021.11.30"]
[SourceVersion "1"]
[SourceVersionDate "2021.11.30"]
[SourceQuality "1"]

1. d4 Nf6 2. c4 g6 3. Nf3 Bg7 4. Nc3 0-0 5. e4 d6 6. Bg5 h6 7. Bf4 e5 8. dxe5 Nh5 9. Be3 dxe5 10. Qxd8 Rxd8 11. Nd5 Rd7 12. 0-0-0 Na6 13. c5 c6 14. Bxa6 cxd5 15. Bb5 d4 16. Bxd7 Bxd7 17. Bd2 Rc8 18. b4 b6 19. Kb2 bxc5 20. bxc5 Rxc5 21. Rc1 Rb5+ 22. Ka1 f5 23. Rc7 Be8 24. Rb1 fxe4 25. Rxb5 Bxb5 26. Nh4 Nf4 27. Rxa7 Bf6 28. g3 Nd3 29. a4 Be8 30. a5 Nxf2 31. a6 Bb5 32. Ra8+ Kf7 33. a7 Bc6 34. Rc8 Bd5 35. Rc5 Ba8 36. Rc8 Bd5 37. a8Q Bxa8 38. Rxa8 Bxh4 39. Bxh6 Bf6 40. Kb2 e3 41. Kb3 Ng4 42. Bf8 e2 43. Bb4 e4 44. Ra7+ Ke6 45. Ra6+ Kf5 46. h3 Ne3 47. g4+ Ke5 48. Be1 Be7 49. Bg3+ Kd5 50. Rxg6 Ng2 51. Rg7 Ke6 52. Rg6+ Kf7 53. Ra6 Bh4 54. Ra7+ Ke6 55. Ra6+ Ke7 56. Ra7+ Kd8 57. Ra8+ Kd7 58. Ra7+ Kc6 59. Rc7+ Kb6 60. Bxh4 Kxc7 61. Bg3+ Kd7 62. Kc4 d3 63. g5 0-1

[Event "Soacha op-A"]
[Site "Soacha"]
[Date "2021.09.08"]
[Round "2"]
[White "Pereira Vera, Henry Alberto"]
[Black "Garcia Alarcon, Alvaro"]
[Result "0-1"]
[WhiteElo "1802"]
[BlackElo "2021"]
[PlyCount "143"]
[EventDate "2021.09.08"]
[EventType "swiss"]
[EventRounds "10"]
[EventCountry "COL"]
[SourceTitle "CBM 204 Extra"]
[Source "ChessBase"]
[SourceDate "2021.11.30"]
[SourceVersion "1"]
[SourceVersionDate "2021.11.30"]
[SourceQuality "1"]

1. b3 c5 2. Bb2 Nc6 3. Nf3 Nf6 4. e3 b6 5. Be2 e6 6. 0-0 Bb7 7. d4 Be7 8. Nbd2 0-0 9. Ne5 cxd4 10. Nxc6 Bxc6 11. Bxd4 Qc7 12. f4 Rac8 13. c4 Qb7 14. Bf3 Rfd8 15. Qe1 d5 16. Qg3 dxc4 17. Nxc4 Bxf3 18. Rxf3 Qe4 19. Raf1 b5 20. Ne5 Qf5 21. Qg5 Rc2 22. Qxf5 exf5 23. R3f2 Rc7 24. a4 bxa4 25. bxa4 Rb8 26. Rb2 Rxb2 27. Bxb2 Bc5 28. Bd4 Bxd4 29. exd4 Nd5 30. Rb1 Kf8 31. g3 f6 32. Nd3 Ke7 33. Nc5 Nc3 34. Re1+ Kd6 35. Re3 Nd1 36. Rd3 Nb2 37. Rc3 Kd5 38. Rb3 Nc4 39. Rb5 Nd6 40. Rb8 Re7 41. Rd8 Kxd4 42. Rxd6+ Kxc5 43. Ra6 Kd4 44. Ra5 Ke4 45. Rb5 Kf3 46. Kf1 Rc7 47. Rb3+ Kg4 48. a5 g5 49. a6 Rc1+ 50. Kg2 Rc2+ 51. Kf1 Ra2 52. Rb7 Rxa6 53. Rxh7 Kf3 54. Ke1 Ra1+ 55. Kd2 a5 56. Rf7 g4 57. Rxf6 Ra2+ 58. Kd3 Rxh2 59. Rxf5 Rh8 60. Rxa5 Rd8+ 61. Kc2 Kxg3 62. f5 Kf4 63. f6 g3 64. Ra4+ Kf3 65. Ra5 Rf8 66. Rf5+ Kg4 67. Ra5 Kf4 68. Kd1 Kf3 69. Rg5 g2 70. Ke1 Rxf6 71. Kd1 Rf8 72. Ra5 0-1

[Event "COL-ch sf"]
[Site "Santa Rosa"]
[Date "2021.08.12"]
[Round "2"]
[White "Martinez Romero, Martin"]
[Black "Garcia Alarcon, Alvaro"]
[Result "1-0"]
[WhiteElo "2404"]
[BlackElo "2054"]
[PlyCount "141"]
[EventDate "2021.08.11"]
[EventType "swiss"]
[EventRounds "11"]
[EventCountry "COL"]
[SourceTitle "CBM 204 Extra"]
[Source "ChessBase"]
[SourceDate "2021.11.30"]
[SourceVersion "1"]
[SourceVersionDate "2021.11.30"]
[SourceQuality "1"]

1. c4 Nf6 2. Nc3 e5 3. g3 d6 4. Bg2 Be7 5. Nf3 0-0 6. 0-0 c5 7. d3 Nc6 8. Rb1 h6 9. a3 a5 10. Ne1 Bd7 11. Nc2 Rb8 12. Ne3 Re8 13. Ncd5 Nxd5 14. Nxd5 Bf8 15. Bd2 b5 16. cxb5 Rxb5 17. Bc3 Rb8 18. f4 f6 19. e3 Kh8 20. Qh5 Qc8 21. h3 Ne7 22. fxe5 Nxd5 23. Bxd5 dxe5 24. Kh2 Bc6 25. Bc4 Bb5 26. Qf7 Bxc4 27. Qxc4 Qd8 28. e4 Qb6 29. Rf3 Red8 30. Kg2 Qb3 31. Qxb3 Rxb3 32. a4 Be7 33. Kf2 Rdb8 34. Rc1 Bd8 35. Rc2 Kh7 36. g4 R3b7 37. h4 Rb3 38. g5 Kg6 39. gxf6 Bxf6 40. Kg3 Rd8 41. Kh3 Rd7 42. Rg2+ Kf7 43. h5 Ke6 44. Kg4 Ra7 45. Rc2 Rd7 46. Kg3 Rd8 47. Kf2 Rd7 48. Ke2 Rdb7 49. Kd1 Rf7 50. Rg2 Ra7 51. Rg6 Rb8 52. Rf5 Rd8 53. Rxe5+ Kf7 54. Rxc5 Rxd3+ 55. Kc2 Rh3 56. Bxf6 gxf6 57. Rxh6 Kg7 58. Rg6+ Kf7 59. Rf5 Rh2+ 60. Kb1 Rb7 61. Rfxf6+ Ke8 62. Rg8+ Ke7 63. Rg7+ Kxf6 64. Rxb7 Rxh5 65. Rb5 Rh4 66. e5+ Kf5 67. Rxa5 Ke4 68. Ka2 Kd4 69. Rb5 Kc4 70. b3+ Kc3 71. Rc5+ 1-0

[Event "COL-ch sf"]
[Site "Bogota"]
[Date "2020.11.13"]
[Round "2"]
[White "Garcia Alarcon, Alvaro"]
[Black "Sanchez, Sebastian Felipe"]
[Result "0-1"]
[WhiteElo "2027"]
[BlackElo "2423"]
[PlyCount "72"]
[EventDate "2020.11.12"]
[EventType "swiss"]
[EventRounds "8"]
[EventCountry "COL"]
[SourceTitle "CBM 199 Extra"]
[Source "ChessBase"]
[SourceDate "2021.01.31"]
[SourceVersion "1"]
[SourceVersionDate "2021.01.31"]
[SourceQuality "1"]

1. d4 Nf6 2. c4 g6 3. Nf3 Bg7 4. g3 0-0 5. Bg2 d6 6. Nc3 Nbd7 7. 0-0 c6 8. h3 Qb6 9. Qc2 e5 10. dxe5 dxe5 11. Be3 Qc7 12. Rfd1 Re8 13. Rd2 Bf8 14. a3 a5 15. Na4 b6 16. Ng5 Nc5 17. Nxc5 bxc5 18. Ne4 Nxe4 19. Qxe4 Ra6 20. g4 f5 21. gxf5 gxf5 22. Qh4 f4 23. Rd3 fxe3 24. Rxe3 Bf5 25. Qg5+ Bg6 26. h4 Qe7 27. Qg3 Kh8 28. Rd1 Bh6 29. Rc3 Rg8 30. Qh3 Ra7 31. Kh1 e4 32. Rg3 Rf8 33. Rb3 Qf6 34. f3 Rg7 35. h5 Bf7 36. Rb6 Bxc4 0-1